LEADER 01083cam0 2200277 450 001 E600200053248 005 20200512075154.0 010 $a8886521235 100 $a20090909d1995 |||||ita|0103 ba 101 $aita 102 $aIT 200 1 $a<>sentiero dei perplessi$eScetticismo, nichilismo e critica della religione in Italia da Nietzsche a Pirandello$fGirolamo De Liguori 210 $aNapoli$cLa cittā del sole$d1995 215 $a260 p.$d21 cm 225 2 $apensiero e la storia$fIstituto italiano per gli studi filosofici$v16 410 1$1001SOBE00033260$12001 $aIl *pensiero e la storia / Istituto italiano per gli studi filosofici$v16 700 1$aDe_Liguori$b, Girolamo$3AF00017883$4070$0158076 801 0$aIT$bUNISOB$c20200512$gRICA 850 $aUNISOB 852 $aUNISOB$j100$m88615 912 $aE600200053248 940 $aM 102 Monografia moderna SBN 941 $aM 957 $a100$b009530$gSi$d88615$rDono$1pregresso2$2UNISOB$3UNISOB$420090909092336.0$520200512075131.0$6Spinosa 996 $aSentiero dei perplessi$9823620 997 $aUNISOB LEADER 01253nam0 22002771i 450 001 UON00246598 005 20231205103614.130 010 $a88-555-2674-X 100 $a20031202d2002 |0itac50 ba 101 $aita 102 $aIT 105 $a|||| ||||| 200 1 $aMetodi statistici elementari per la geografia$eStrumenti per l'analisi dei dati, il confronto quantitativo, lo studio e l'interpretazione delle relazioni spaziali con l'ausilio del calcolatore elettronico$fLuca Romagnoli 210 $aBologna$cPātron$d2002 215 $a298 p.$d22 cm. 410 1$1001UON00171698$12001 $a Geografia e organizzazione dello sviluppo territoriale $1210 $aBologna$cPātron$v40 606 $aGeografia$xMetodologia$3UONC034515$2FI 620 $aIT$dBologna$3UONL000085 700 1$aRomagnoli$bLuca$3UONV148209$0271226 712 $aPātron$3UONV265630$4650 801 $aIT$bSOL$c20251031$gRICA 899 $aSIBA - SISTEMA BIBLIOTECARIO DI ATENEO$2UONSI 912 $aUON00246598 950 $aSIBA - SISTEMA BIBLIOTECARIO DI ATENEO$dSI VII GEO 2.0 0114 $eSI SC 38931 5 0114 $sBuono 996 $aMetodi statistici elementari per la geografia$968010 997 $aUNIOR